Mäkká moc malých štátov a ich pôsobenie v súčasných medzinárodných vzťahoch
Vznik nových štátov v Európe po skončení studenej vojny. Malé štáty medzi novovzniknutými štátmi v Európe. Protirečivý vplyv postmoderny na malé štáty a ich pôsobenie v súčasných medzinárodných vzťahoch. Charakteristika mäkkej moci a možnosti jej využitia v medzinárodných vzťahoch malých štátov. Náč...
Salvato in:
| Autore principale: | |
|---|---|
| Natura: | Capitolo di libro |
| Lingua: | slovacco |
| Soggetti: | |
| Tags: |
Nessun Tag, puoi essere il primo ad aggiungerne!!
|
MARC
| LEADER | 00000nla$a2200000$$$4500 | ||
|---|---|---|---|
| 001 | 0082770 | ||
| 005 | 20240611075333.0 | ||
| 041 | 0 | |a slo | |
| 044 | |a SK | ||
| 245 | 1 | 0 | |a Mäkká moc malých štátov a ich pôsobenie v súčasných medzinárodných vzťahoch |c František Škvrnda |
| 520 | |a Vznik nových štátov v Európe po skončení studenej vojny. Malé štáty medzi novovzniknutými štátmi v Európe. Protirečivý vplyv postmoderny na malé štáty a ich pôsobenie v súčasných medzinárodných vzťahoch. Charakteristika mäkkej moci a možnosti jej využitia v medzinárodných vzťahoch malých štátov. Náčrt klasifikácie malých štátov v kontexte využívania mäkkej moci. | ||
| 610 | 2 | 0 | |a vzťahy medzinárodné |
| 610 | 2 | 0 | |a štát |
| 610 | 2 | 0 | |a moc štátna |
| 610 | 2 | 0 | |a moc politická |
| 100 | 1 | |a Škvrnda, František | |